[Event "RUS-chT Rapid Men 2018"]
[Site "Sochi"]
[Date "2018.10.09"]
[Round "6"]
[White "Kostin, Alexey"]
[Black "Ivlev, Aleksey"]
[Result "1/2-1/2"]
[WhiteElo "2253"]
[BlackElo "2326"]
[Annotator "TA"]
[PlyCount "128"]
[EventDate "2018.10.05"]
[EventType "swiss"]
[EventCountry "RUS"]
[SourceTitle "playchess.com"]
[Source "ChessBase"]
[SourceQuality "1"]

{[%evp 17,128,0,2,2,0,8,7,0,5,-26,-22,-25,-26,-34,-22,-32,-22,-25,-27,-30,-14,-19,-19,-19,-2,-6,-8,-24,-14,-18,-19,-18,-15,-17,-18,-15,-19,-17,-18,-26,-23,-27,-27,-27,-27,-27,-25,-25,-25,-26,-25,-26,-26,-36,-22,-22,-22,-22,-22,-22,-22,-30,-8,-8,0,0,0,0,0,0,0,0,0,0,0,0,-2,-197,-87,-87,-87,-29980,-29981,-29981,-29982,-29981,-29982,-29989,-29987,-29990,-2150,-1985,-1882,-796,-84,-83,-84,-81,0,-81,-8,-80,-80,-79,0,0,0,0,0,0,0,0,0]} 1. e4 e5 2. Nf3 Nc6 3. Bc4 Bc5 4. c3 Nf6 5. d4 exd4 6. cxd4 Bb4+ 7. Bd2 Nxe4 8. Bxb4 Nxb4 {[#]} 9. Bxf7+ $1 {[%mdl 512]} Kxf7 10. Qb3+ {C54: Giuoco Piano: 4 c3 Nf6, main lines with 5 d4 and 5 d3} Kf8 {Threatens to win with ...Nc6.} 11. Qxb4+ Qe7 $1 {[%cal Re7b4]} 12. Qxe7+ Kxe7 13. Nc3 (13. O-O Kd8 14. Re1 Nf6 15. Nc3 d6 16. Ng5 Rf8 17. f3 a5 {½-½ (27) McShane,L (2647)-Matlakov,M (2707) Batumi 2018}) 13... Nxc3 14. bxc3 d6 15. Kd2 Bg4 16. Ne1 $146 ({Predecessor:} 16. Rhe1+ Kd7 17. Ng5 h6 {½-½ (29) Herbrechtsmeier,C (2336)-Flear,G (2476) France 2001}) 16... Rhf8 17. f3 Be6 18. Nc2 c6 19. Rhe1 Kd7 20. Ne3 h5 21. Rab1 Rab8 22. a3 h4 23. Rf1 b5 24. f4 g6 25. g4 hxg3 26. hxg3 Rh8 27. Rh1 Bf5 28. Rbe1 a5 29. Ke2 Be4 30. Rxh8 $1 Rxh8 $11 {[%mdl 4096] Endgame KRB-KRN} 31. Ng4 Bf5 32. Nf2 c5 33. dxc5 dxc5 34. Kf3 b4 35. cxb4 cxb4 36. axb4 axb4 37. g4 Bc2 38. Ke3 b3 39. Kd2 Kd6 40. Kc3 Kd5 41. Re5+ Kd6 42. Ne4+ Kc6 43. Re6+ Kb5 44. Re5+ Ka4 45. Kb2 Kb4 46. Nc3 Kc4 47. f5 $2 (47. Nb1 $11 {and White has nothing to worry.}) 47... gxf5 (47... Bd3 $19 {is more deadly.} 48. Rb5 gxf5 49. Rxb3 f4) 48. gxf5 $17 Bd3 {( -> ...Rh2+)} 49. Na4 $2 {[%mdl 8192] [#]} (49. Rb5 $17) 49... Rh2+ 50. Kc1 Rc2+ 51. Kd1 Ra2 52. Nb6+ Kc3 {[%cal Ra2a1]} 53. Rc5+ Kb4 (53... Kd4 $142 54. Rd5+ Ke4 55. Rd7 b2 56. Re7+ Kf3 57. Re3+ Kxe3 58. Nc4+ Bxc4 59. Kc2 Bd3+ 60. Kc3 b1=Q 61. f6 Rc2#) 54. Rc7 $19 Ra5 55. Rb7 Be4 $2 (55... Ba6 $19 56. Rg7 b2) 56. Rb8 $17 Kc3 (56... Rxf5 $2 57. Nd5+ Ka3 58. Nc3 $19) 57. Rc8+ Kb4 {White must now prevent ...b2.} 58. Rb8 Rb5 (58... Rxf5 $2 59. Nd5+ Ka3 60. Nc3 $19) (58... Bxf5 $17 {Strongly threatening ...Kc3.} 59. Kd2 Ra2+ 60. Ke3 Kc3 61. Nd5+ Kb2) 59. Kc1 (59. f6 $1 $11) 59... Rc5+ ({Don't play} 59... Bxf5 60. Nd5+ Kc5 61. Rxb5+ Kxb5 62. Kb2 $11) 60. Kd2 Rb5 ({Of course not} 60... Bxf5 61. Nd7+ Rb5 62. Rxb5+ Kxb5 63. Kc3 $11) ({Better is} 60... Rc2+ $17 61. Ke3 Bxf5 62. Nc8+ Ka3) 61. f6 $11 {The position is equal.} Bg6 62. Nd5+ Kc5 63. Rxb5+ Kxb5 64. Kc3 Bf7 {Precision: White = 66%, Black = 56%.} 1/2-1/2

[Event "RUS-chT Rapid Men 2018"]
[Site "Sochi"]
[Date "2018.10.09"]
[Round "6"]
[White "Taysayev, Timur"]
[Black "Pogromsky, Mikhail"]
[Result "0-1"]
[WhiteElo "2225"]
[BlackElo "2415"]
[Annotator "TA"]
[PlyCount "163"]
[EventDate "2018.10.05"]
[EventType "swiss"]
[EventCountry "RUS"]
[SourceTitle "playchess.com"]
[Source "ChessBase"]
[SourceQuality "1"]

{[%evp 21,163,42,52,45,47,25,65,69,123,82,79,-10,-7,0,-12,-12,-10,-10,0,-21,-8,-10,-14,-20,0,0,0,-27,-12,-60,-53,-57,-60,-47,-4,-55,-54,-56,-49,-145,-139,-152,-147,-313,-307,-268,-202,-202,-190,-202,-202,-202,-202,-192,-141,-141,-141,-211,-210,-189,-183,-258,-258,-237,-237,-218,-225,-318,-318,-318,-318,-954,-318,-914,-901,-904,-926,-901,-931,-920,-318,-511,-202,-894,-903,-886,-304,-304,-202,-190,-190,-282,-282,-833,-794,-1155,-1101,-667,-247,-1738,-1770,-1770,-1762,-1790,-1718,-1583,-1668,-1578,-1280,-1372,-1265,-6187,-4554,-29963,-29964,-29969,-29970,-29970,-29971,-29971,-29967,-29967,-29968,-29970,-29971,-29971,-29972,-29972,-29973,-29973,-29974,-29967,-29974,-29974,-29970,-29970,0,-29973,-29975,-29975,-29976,-29976,-29976,-29975]} 1. e4 c5 2. Nf3 a6 3. c3 d5 4. exd5 Qxd5 5. d4 Nf6 6. Be3 cxd4 7. cxd4 e6 8. Nc3 Qd6 9. Bd3 Nc6 10. O-O Be7 11. Rc1 O-O 12. Bb1 {B22: Sicilian: 2 c3} (12. a3 Rd8 13. Ne4 Nxe4 14. Bxe4 Bd7 15. Qb3 Na5 16. Qc3 Bc6 17. Bxh7+ Kxh7 18. Qxa5 Bxf3 19. gxf3 Rac8 20. Qh5+ Kg8 {½-½ (47) Paszewski,M (2327)-Warakomski,T (2511) Poland 2017}) 12... Rd8 13. Qe2 $146 ({Predecessor:} 13. a3 b5 14. Qd3 Bb7 15. Rfd1 g6 16. Ba2 b4 17. Ne4 Nxe4 18. Qxe4 Na5 19. Qg4 Bxf3 20. Qxf3 bxa3 21. Rc5 {1-0 (32) Boidman,Y (2409)-Van de Bourry,D (2075) Belgium 2010}) 13... h6 14. Rfd1 {White is slightly better.} b5 (14... Nd5 $14) 15. Ne5 {Hoping for Ne4.} Nxe5 16. dxe5 (16. Bf4 $16 Qb4 17. Bxe5) 16... Qxe5 $11 {White should prevent ...Bb7.} 17. Rxd8+ Bxd8 18. Qf3 Qb8 19. Bf4 Qa7 20. Ne4 Bb7 21. Be3 Qb8 22. Bf4 Qa7 23. Be3 $1 {[%cal Re3a7]} Qb8 24. Bf4 $1 e5 25. Bxe5 Qxe5 26. Nxf6+ Bxf6 27. Qxb7 Re8 $40 {[%mdl 128] ( -> ...Qe1+!). Black mounts an attack.} 28. g3 (28. Bd3 $11) 28... Qxb2 $15 29. Rf1 Bd4 {Threatens to win with ...Bxf2+!} 30. Qf3 (30. Bd3 $15) 30... g6 $17 31. Be4 Re5 32. Bd5 $2 (32. Qd3 $17) 32... Rf5 $19 33. Qg2 Rxf2 34. Rxf2 {aiming for Qf3!} Qa1+ 35. Qf1 Bxf2+ 36. Kg2 {[#]} Qxf1+ $1 37. Kxf1 {[%mdl 4096] Endgame KB-KB} Bc5 38. Ke2 Kg7 39. Bb7 (39. Be4 $17) 39... a5 40. Ba6 b4 41. Kd3 (41. Bb5 {was worth a try.}) 41... Bg1 42. h3 Bh2 43. g4 f5 44. gxf5 (44. Bc4 {was necessary.}) 44... gxf5 45. Bc8 Kf6 46. Bd7 $2 (46. h4) 46... Ke5 $2 (46... Bg3 47. Kd4 Bf2+ 48. Kd5 Be3) 47. Bc6 $2 (47. h4) 47... Bg3 48. Bd7 Bh4 49. Bc6 Bd8 50. Bd7 Kf6 $2 (50... h5 51. Ke3 Bg5+ 52. Kf3 h4) 51. Ke3 $2 (51. h4 {keeps fighting.}) 51... Bc7 $2 (51... h5 52. Bb5 Ke5) 52. Kd4 $2 (52. h4) 52... Kg5 53. Ke3 Be5 $2 (53... h5 54. Kf3 Bd6) 54. Kf3 Bd4 55. Kg3 Bc3 56. Kf3 (56. h4+ $142 Kf6 57. Kf2) 56... Be1 57. Ke3 $2 (57. Ke2 Bg3 58. Ke3) 57... h5 {[%cal Bh6h5,Bh5h4][%mdl 32]} 58. Kf3 h4 59. Ke3 Kf6 $2 (59... Bg3 60. Kd4 Kf4) 60. Kf4 $2 (60. Kd4) 60... Bd2+ 61. Kf3 Ke5 62. Ke2 Bh6 63. Kd3 Bf8 64. Ke3 Bc5+ 65. Kd3 f4 {[%cal Bf5f4,Bf4f3][%mdl 32]} 66. Bc6 {[#]} a4 $1 67. Bxa4 f3 68. Bc6 Kf4 69. Kd2 Kg3 70. Ke1 Kg2 71. Bd5 Bd4 72. Kd2 Kg3 73. Ke1 {[#]} f2+ $1 74. Kf1 Kxh3 75. Bh1 Kg3 76. Bd5 Bc5 77. Ke2 Kf4 78. Bg2 Kg3 79. Bd5 h3 {Black mates.} 80. Bc6 h2 81. Kf1 Kf4 82. Bd5 {Precision: White = 27%, Black = 66%.} 0-1

[Event "RUS-chT Rapid Men 2018"]
[Site "Sochi"]
[Date "2018.10.09"]
[Round "6"]
[White "Shkurkin, Andrey"]
[Black "Kretov, Evgenij"]
[Result "0-1"]
[WhiteElo "2201"]
[BlackElo "2219"]
[Annotator "NA"]
[PlyCount "72"]
[EventDate "2018.10.05"]
[EventType "swiss"]
[EventCountry "RUS"]
[SourceTitle "playchess.com"]
[Source "ChessBase"]
[SourceQuality "1"]
[TimeControl "900+10"]

1. d4 {[%emt 0:00:00]} Nf6 {[%emt 0:00:00]} 2. c4 {[%emt 0:00:00]} e6 {[%emt 0:00:00]} 3. g3 {[%emt 0:00:00]} c5 {[%emt 0:00:07]} 4. d5 {[%emt 0:01:16]} exd5 {[%emt 0:00:02]} 5. cxd5 {[%emt 0:00:02]} b5 {[%emt 0:00:02]} 6. e4 {[%emt 0:00:37]} Nxe4 {[%emt 0:00:16]} 7. Bg2 {[%emt 0:00:16]} Nd6 {[%emt 0:00:14]} 8. Nf3 {[%emt 0:00:19]} Be7 {[%emt 0:00:07]} 9. O-O {[%emt 0:00:07]} O-O {[%emt 0:00:07]} 10. Bf4 {[%emt 0:00:48]} Bb7 {[%emt 0:00:33]} 11. Re1 {[%emt 0:01:04]} Nc4 {[%emt 0:01:20]} 12. Nc3 {[%emt 0:03:46]} b4 {[%emt 0:02:29]} 13. Ne4 {[%emt 0:02:34]} d6 {[%emt 0:00:47]} 14. Qc2 {[%emt 0:00:36]} Nb6 {[%emt 0:01:09]} 15. Rad1 {[%emt 0:02:30]} Na6 {[%emt 0:01:21]} 16. Nfg5 {[%emt 0:01:33]} g6 {[%emt 0:00:14]} 17. Qe2 {[%emt 0:00:44]} c4 {[%emt 0:03:15]} 18. Qg4 {[%emt 0:00:22]} h5 {[%emt 0:01:37]} 19. Qh4 {[%emt 0:01:10]} Nxd5 {[%emt 0:00:10]} 20. Rxd5 {[%emt 0:00:22]} Bxd5 {[%emt 0:00:02]} 21. Nf6+ {[%emt 0:00:04]} Bxf6 {[%emt 0:00:03]} 22. Bxd5 {[%emt 0:00:02]} Qd7 {[%emt 0:01:22]} 23. h3 {[%emt 0:00:23]} Rae8 {[%emt 0:00:30]} 24. Rd1 {[%emt 0:00:09]} Qf5 {[%emt 0:00:46]} 25. Bxc4 {[%emt 0:00:15]} Nc5 {[%emt 0:00:12]} 26. Rd5 {[%emt 0:00:09]} Re1+ {[%emt 0:00:14]} 27. Kh2 {[%emt 0:00:08]} Qc2 {[%emt 0:00:22]} 28. Bd2 {[%emt 0:00:11]} Re4 {[%emt 0:00:09]} 29. Bd3 {[%emt 0:00:09]} Qxd3 {[%emt 0:00:16]} 30. Qxe4 {[%emt 0:00:12]} Qxe4 {[%emt 0:00:05]} 31. Nxe4 {[%emt 0:00:03]} Nxe4 {[%emt 0:00:01]} 32. Bxb4 {[%emt 0:00:08]} Rb8 {[%emt 0:00:18]} 33. a3 {[%emt 0:00:15]} Nxf2 {[%emt 0:00:10]} 34. Rxd6 {[%emt 0:00:10]} Be7 {[%emt 0:00:25]} 35. Rd7 {[%emt 0:00:13]} Bxb4 {[%emt 0:00:03]} 36. axb4 {[%emt 0:00:05]} Rxb4 {[%emt 0:00:01]} 0-1

[Event "RUS-chT Rapid Men 2018"]
[Site "Sochi"]
[Date "2018.10.09"]
[Round "7"]
[White "Nepomniachtchi, Ian"]
[Black "Dubov, Daniil"]
[Result "1-0"]
[WhiteElo "2759"]
[BlackElo "2703"]
[Annotator "TA"]
[PlyCount "69"]
[EventDate "2018.10.05"]
[EventType "swiss"]
[EventCountry "RUS"]
[SourceTitle "playchess.com"]
[Source "ChessBase"]
[SourceQuality "1"]

{[%evp 13,69,37,52,7,6,11,25,16,10,16,26,43,30,28,50,2,2,10,21,9,46,0,0,0,0,0,0,6,84,-152,-21,-24,-14,-13,18,22,18,30,26,36,22,4,8,8,8,8,15,10,11,14,15,8,22,23,22,19,17,18]} 1. e4 c5 2. Nf3 Nc6 3. Bb5 g6 4. Bxc6 bxc6 5. d4 Bg7 6. dxc5 {B31: Sicilian: 2...Nc6 3 Bb5 g6} Qa5+ 7. Nbd2 Ba6 {LiveBook: 5 Games} 8. a3 {White is slightly better.} Qxc5 9. c4 Nf6 10. b4 Qb6 11. O-O O-O $146 {[%cal Bh8f8,Bf8d8,Bd8d3][%mdl 32]} ({Predecessor:} 11... d5 12. Re1 dxc4 13. Bb2 {½-½ (28) Gadimbayli,A (2400)-Abasov,N (2596) Baku 2017}) 12. Bb2 d6 13. Qc2 Bc8 14. e5 Bf5 15. Qb3 $36 {[%mdl 2048] White is pushing.} dxe5 16. Bxe5 Rfd8 17. a4 Rd3 18. Qb2 Rad8 19. c5 Qb7 20. b5 Bh6 (20... R3d5 $11) 21. Bxf6 $2 (21. Nc4 $16) 21... exf6 ({Weaker is} 21... Bxd2 22. Rfd1 $11) ({Better is} 21... Rxd2 $17 22. Nxd2 Rxd2) 22. Nc4 $1 $11 {[%cal Rc4a5] And now Na5 would win.} cxb5 {[#] Threatens to win with ...Rxf3.} 23. Nd6 Qd5 24. Qxf6 Rb8 $1 {aiming for ...Bg7.} 25. Nxf5 Qxf5 26. Qxf5 gxf5 27. Ne5 Rd5 28. Nc6 Rb7 29. axb5 Rxc5 30. Nxa7 Bf8 31. g3 Kg7 32. Kg2 Rc3 33. Nc6 Rxb5 34. Nd4 Rd5 35. Rfd1 {[%mdl 32768] Precision: White = 55%, Black = 42%. . Loss on Time!?} 1-0

[Event "RUS-chT Rapid Men 2018"]
[Site "Sochi"]
[Date "2018.10.09"]
[Round "7"]
[White "Artemiev, Vladislav"]
[Black "Malakhov, Vladimir"]
[Result "1-0"]
[WhiteElo "2706"]
[BlackElo "2661"]
[Annotator "TA"]
[PlyCount "99"]
[EventDate "2018.10.05"]
[EventType "swiss"]
[EventCountry "RUS"]
[SourceTitle "playchess.com"]
[Source "ChessBase"]
[SourceQuality "1"]

{[%evp 23,99,12,22,10,12,12,15,13,22,14,13,21,20,15,19,0,5,0,0,0,0,0,0,0,13,11,44,39,28,16,14,0,0,0,0,0,0,-1,66,22,78,12,74,65,62,16,22,8,10,12,17,18,17,0,0,0,0,0,766,744,850,814,814,814,802,749,679,261,1141,43,56,0,1338,1187,29984,29985,29985,29986]} 1. c4 c6 2. e4 d5 3. exd5 cxd5 4. d4 Nf6 5. Nc3 e6 6. Nf3 Bb4 7. cxd5 Nxd5 8. Bd2 Nc6 9. Bd3 Be7 10. O-O O-O 11. a3 Bf6 12. Qc2 h6 13. Rad1 {B14: Caro-Kann: Panov-Botvinnik Attack with 5...e6 and 5...g6} (13. Be3 Nce7 14. Qe2 b6 15. Ne4 Bb7 16. Rad1 Rc8 17. Ne5 Nf5 18. Bb1 Bxe5 19. dxe5 Qc7 20. Nd6 Nxd6 21. exd6 Qxd6 22. Qg4 Nxe3 23. fxe3 Qe5 24. Rd7 Qxe3+ {0-1 (24) Liu,G (2462)-Bologan,V (2607) Sitges 2017}) 13... Bd7 14. Nxd5 exd5 15. h3 {The position is equal.} Qb6 16. Bc3 Rfe8 17. Qd2 Rac8 ({Don't go for} 17... Nxd4 $2 18. Bxd4 Bxd4 19. Nxd4 $18) (17... Bxd4 $2 18. Nxd4 Nxd4 19. Bxd4 $18) 18. Bb1 $146 ({Predecessor:} 18. Rfe1 Re7 19. Rxe7 Nxe7 20. Re1 Be6 {½-½ (31) Balow,G-Heilmann,M ICCF corr 2001}) 18... Re7 19. Nh2 Rce8 20. Ng4 Bxg4 21. hxg4 Qc7 22. g3 {[%cal Bg2g3,Bg3f4,Bf4f5][%mdl 32]} Re2 23. Qf4 Qxf4 (23... Qd8 {is interesting.} 24. b4 a6 25. a4 b5 26. axb5 axb5 27. Bd3 R2e6) 24. gxf4 Ne7 25. Bd3 Re6 26. f5 $36 {[%mdl 2048] White is pushing.} Rd6 27. Kg2 Nc6 28. Bb1 b5 29. Rfe1 Rxe1 30. Rxe1 Nxd4 (30... Kf8 $11) 31. Re8+ $14 Kh7 {[#]} 32. Rb8 (32. Re7 $1 $16 {[%mdl 512]}) 32... Ne2 (32... Nc6 $11 {keeps the balance.} 33. Rxb5 Bxc3 34. bxc3 f6) 33. Bxf6 $16 gxf6 {[%mdl 4096] Endgame KRB-KRN} 34. Kf3 Nd4+ $1 35. Ke3 Nc6 36. Rxb5 Ne5 37. Kd4 Nxg4 38. Rxd5 (38. f3 {feels hotter.} Nh2 39. f4 Rd7 40. Rb3 Ng4 41. Ba2) 38... Rxd5+ 39. Kxd5 Nxf2 $11 {KB-KN} 40. b4 {[%cal Bb2b4,Bb4b5][%mdl 32]} Kg7 $2 {[%mdl 8192]} (40... h5 $11) 41. a4 $18 Kf8 42. b5 Ke7 43. Kc6 $1 h5 44. Ba2 ({Not} 44. Kb7 h4 $16) 44... Nd3 45. Kc7 $2 (45. a5 h4 46. b6 axb6 47. axb6) 45... Nb4 $2 (45... h4) 46. Bb1 $2 (46. Bc4 $18) 46... Nd5+ $1 $14 47. Kc6 (47. Kb8 $14 h4 48. Kxa7) 47... Nc3 $2 {[%mdl 8192] [#]} (47... Nb6 $11) 48. a5 $1 $18 {[%cal Ba4a5,Ba5a6][%mdl 32]} Kd8 {[#]} 49. b6 $1 axb6 50. a6 {Precision: White = 50%, Black = 58%.} 1-0

[Event "RUS-chT Rapid Men 2018"]
[Site "Sochi"]
[Date "2018.10.09"]
[Round "7"]
[White "Motylev, Alexander"]
[Black "Sharafiev, Azat"]
[Result "1-0"]
[WhiteElo "2661"]
[BlackElo "2432"]
[Annotator "TA"]
[PlyCount "139"]
[EventDate "2018.10.05"]
[EventType "swiss"]
[EventCountry "RUS"]
[SourceTitle "playchess.com"]
[Source "ChessBase"]
[SourceQuality "1"]

{[%evp 9,139,20,18,3,9,-26,1,9,29,23,27,0,0,0,0,0,1,0,0,7,43,31,22,20,36,12,41,45,87,45,87,87,99,85,99,84,91,83,95,102,120,120,120,116,120,95,120,85,96,92,101,82,135,129,123,123,131,77,177,140,178,77,212,205,225,211,211,205,215,193,231,171,183,174,229,218,218,218,222,220,219,209,202,201,159,0,195,190,190,170,185,152,398,373,373,367,374,301,639,620,788,773,874,854,864,825,1876,1852,1661,1608,2430,1818,7137,6626,29982,29982,29989,29982,29980,29979,29978,29979,29975,29973,29984,29985,29990,29989,29992,29993,29993,12846]} 1. e4 Nc6 2. d4 d5 3. e5 Bf5 4. c3 e6 5. Nf3 f6 {LiveBook: 8 Games} 6. Bf4 {B00: Queen's Fianchetto Defence, Nimzowitsch Defence} (6. Bd3 Nge7 7. O-O fxe5 8. dxe5 Qd7 9. b4 Bxd3 10. Qxd3 Ng6 11. Re1 Be7 12. b5 Na5 13. Nd4 {½-½ (13) Paehtz,E (2454)-Savina,A (2378) Riga 2017}) 6... Nge7 7. Bg3 Ng6 8. Bb5 {The position is equal.} Qd7 $146 ({Predecessor:} 8... Be7 9. Qa4 Qd7 10. O-O O-O 11. Nbd2 a6 12. Bxc6 bxc6 {½-½ (12) Jonas,P (2095)-Deak,L (2110) Hungary 2005}) 9. O-O a6 10. Qa4 O-O-O 11. Bxc6 Qxc6 12. Qxc6 bxc6 13. b4 h5 {And now ...h4 would win.} 14. h3 fxe5 15. Nxe5 Nxe5 16. Bxe5 Rg8 17. f3 h4 18. Nd2 Bd6 19. Rfe1 Kd7 20. Nb3 $1 g5 21. Re3 Rb8 22. Rae1 Rgf8 23. R1e2 Ra8 24. a3 Rf7 25. Na5 Rb8 26. Rd2 Bf8 27. Ree2 Bd6 28. Rd1 Bf8 29. c4 Bd6 30. Re3 Rff8 (30... Bc2 $142 31. Rde1 Re8) 31. Rc1 $16 Rfc8 32. cxd5 cxd5 33. Nc6 ({White should try} 33. Rec3) 33... Rb6 (33... Rb7 $16) 34. Rec3 $18 Rf8 {[#]} 35. Kf2 (35. Na5 $1 $18 {is the precise move to win.}) 35... Re8 {[#]} (35... Rb7 $16) 36. Na5 $1 Bxe5 37. dxe5 Rc8 38. Ke3 Rb5 39. Kd4 Rb6 40. Rc5 Bg6 41. Ke3 Bh7 (41... Rb5 {was called for.} 42. Nb3 Rb6) 42. Nb3 Bg6 43. Nd4 Bf7 44. Kf2 Rb7 45. Ra5 Rb6 46. Ke3 Bg6 47. Rac5 Bf7 $1 48. Rc6 Rxc6 49. Rxc6 {[%mdl 4096] Endgame KRB-KRN} Ra8 50. Rc5 a5 $2 (50... Bg8 $16 51. Ra5 Kc8) 51. b5 Rb8 52. a4 Bg6 53. Nb3 Ra8 $2 (53... Be8 54. Rc6 Kd8 55. Rxe6 c6 56. Rd6+ (56. Nxa5 cxb5 57. axb5 Rxb5 $16) 56... Ke7) 54. Rc6 Kd8 55. Rxe6 Bc2 56. Nc5 Rb8 57. Kd4 Bd1 58. Rg6 Rb6 59. Rxg5 Rh6 60. Kxd5 Be2 61. Rg7 Bf1 62. Ne6+ {White mates.} Ke8 63. Nxc7+ Kf8 64. Rg4 Ke7 65. e6 Rh5+ 66. Kc6 Re5 67. b6 {[%cal Bb5b6,Bb6b7][%mdl 32]} Re2 68. b7 Bxg2 69. Nd5+ Kxe6 70. Nf4+ {Precision: White = 56%, Black = 26%.} (70. Rg6+ $142 Kf5 71. Rf6+ Ke5 72. b8=Q+ Kd4 73. Qb3 Rc2+ 74. Qxc2 Bxf3 75. Rf4+ Ke5 76. Qf5#) 1-0

[Event "RUS-chT Rapid Men 2018"]
[Site "Sochi"]
[Date "2018.10.09"]
[Round "7"]
[White "Morozevich, Alexander"]
[Black "Potkin, Vladimir"]
[Result "1/2-1/2"]
[WhiteElo "2656"]
[BlackElo "2597"]
[Annotator "TA"]
[PlyCount "55"]
[EventDate "2018.10.05"]
[EventType "swiss"]
[EventCountry "RUS"]
[SourceTitle "playchess.com"]
[Source "ChessBase"]
[SourceQuality "1"]

{[%evp 12,55,16,-2,9,0,0,11,11,0,0,0,0,0,0,0,0,0,0,-19,-24,-12,-10,-10,0,0,8,3,6,0,10,-9,12,7,27,12,63,0,21,13,62,37,25,0,0,0]} 1. e4 e5 2. Nf3 Nc6 3. Bb5 Nf6 4. d3 Bc5 5. c3 O-O 6. O-O d6 7. Bg5 h6 {C65: Ruy Lopez: Berlin Defence (3...Nf6), unusual lines and 4 0-0 Bc5} 8. Bh4 g5 9. Bg3 Nh5 (9... Bb6 10. Nbd2 g4 11. Nh4 Nh5 12. Nc4 Qg5 13. Qc1 Ne7 14. Nxb6 axb6 15. f3 {1-0 (54) Ivanchuk,V (2726)-Le,Q (2737) Huaian 2017}) 10. Nbd2 Nxg3 11. hxg3 a5 12. Bxc6 bxc6 13. d4 exd4 14. Nxd4 {[%cal Bf3d4,Bd4b3,Bb3d2][%mdl 32]} Qf6 15. Qc2 $146 ({Predecessor:} 15. e5 Qxe5 16. Nxc6 {½-½ (57) Chambers,D (2274)-Manso Gil,A (2355) ICCF email 2008}) 15... Bd7 16. N4b3 Bb6 17. Nc4 a4 18. Nxb6 cxb6 19. Nd2 b5 20. f4 Rae8 21. e5 Qg6 ({But not} 21... dxe5 $6 22. Ne4 $16) 22. f5 Qg7 $1 {[%cal Rg7e5]} 23. exd6 Qe5 ({Better is} 23... Re5 $11) 24. Qd3 (24. g4 $1 $14) 24... Qc5+ 25. Kh2 {[#] Black must now prevent Ne4.} Qe3 26. Qc2 {aiming for Rae1!} Qe5 27. Rae1 Bxf5 $1 28. Rxe5 {Precision: White = 51%, Black = 60%.} 1/2-1/2

[Event "RUS-chT Rapid Men 2018"]
[Site "Sochi"]
[Date "2018.10.09"]
[Round "7"]
[White "Alekseenko, Kirill"]
[Black "Sychev, Klementy"]
[Result "1/2-1/2"]
[WhiteElo "2639"]
[BlackElo "2534"]
[Annotator "TA"]
[PlyCount "64"]
[EventDate "2018.10.05"]
[EventType "swiss"]
[EventCountry "RUS"]
[SourceTitle "playchess.com"]
[Source "ChessBase"]
[SourceQuality "1"]

{[%evp 18,64,6,5,18,7,12,8,21,19,25,-86,36,26,29,31,55,49,53,53,52,52,64,-16,-9,-14,-8,-39,-12,-17,-20,-23,-15,0,0,0,0,0,0,0,0,0,0,0,0,0,0,0,0]} 1. d4 Nf6 2. Nc3 d5 3. Bf4 c5 4. e3 cxd4 5. exd4 a6 6. Nf3 {B13: Caro-Kann (Abtausch-Variante 4.c4)} Nc6 7. Ne5 e6 8. Nxc6 bxc6 9. Na4 Bd6 10. Bxd6 {LiveBook: 5 Partien} Qxd6 11. Bd3 O-O 12. O-O e5 13. dxe5 Qxe5 {[#]} 14. h3 $146 {[#]} (14. Nb6 $11 {hält das Gleichgewicht.}) 14... Rb8 ({Günstiger ist} 14... Bxh3 $1 $17 {[%mdl 512] Und weiter mit ...Sg4 wäre nett.} 15. gxh3 Qg5+ 16. Kh1 Qh4) 15. Re1 Qf4 16. b3 Qd6 17. Qe2 a5 18. Qe7 Qxe7 19. Rxe7 Be6 20. Ba6 (20. Nc5 $14) 20... Nd7 $11 21. Re1 Rfd8 22. Bd3 g6 23. f4 Kf8 24. R1xe6 fxe6 25. Rxh7 {Die Stellung ist ausgeglichen.} Kg8 26. Re7 Nf8 27. Nc5 Re8 28. Ra7 Ra8 29. Rc7 Rac8 30. Ra7 Ra8 31. Rc7 Rac8 32. Ra7 Ra8 {Precision: Weiß = 61%, Schwarz = 67%.} 1/2-1/2

[Event "RUS-chT Rapid Men 2018"]
[Site "Sochi"]
[Date "2018.10.09"]
[Round "7"]
[White "Rakhmanov, Aleksandr"]
[Black "Tsvetkov, Andrey"]
[Result "1-0"]
[WhiteElo "2634"]
[BlackElo "2264"]
[Annotator "TA"]
[PlyCount "47"]
[EventDate "2018.10.05"]
[EventType "swiss"]
[EventCountry "RUS"]
[SourceTitle "playchess.com"]
[Source "ChessBase"]
[SourceQuality "1"]

{[%evp 11,47,8,17,0,12,0,0,0,0,-7,0,0,16,18,18,14,27,27,56,34,21,18,149,167,154,67,458,495,480,488,467,465,607,595,779,782,1066,1051]} 1. c4 e6 2. e4 d5 3. exd5 exd5 4. d4 Nf6 5. Nc3 Be7 6. Bd3 c6 7. Nge2 {C01: French: Exchange Variation} O-O 8. O-O dxc4 9. Bxc4 {The position is equal.} Nbd7 10. Re1 Nb6 11. Bb3 Nbd5 (11... Bf5 12. Ng3 Bg6 13. h4 h6 14. h5 Bh7 15. Nge4 Nbd7 16. Bf4 Nxe4 17. Nxe4 Nf6 {1-0 (35) Rakhmanov,A (2655)-Lupulescu,C (2628) Barcelona 2018}) 12. Nf4 $36 {[%mdl 2048] White is pushing.} Bf5 13. Qf3 Nxf4 14. Bxf4 {[%cal Bc1f4,Bf4e5,Be5c7][%mdl 32]} Bg6 $146 ({Predecessor:} 14... Qd7 15. d5 {½-½ (44) Khademi,M (2258)-Kaminski,V (2157) Kemer 2007}) 15. Be5 Re8 16. h4 {Black must now prevent Bxf6.} Qa5 (16... h5 $11 {remains equal.}) 17. Re3 $16 h5 {[#]} 18. Qf4 (18. Ne2 $1 $16) 18... Nd5 $2 {[%mdl 8192]} (18... Qd8 $14) 19. Bxd5 $18 {White is clearly winning.} cxd5 20. Bc7 Qa6 21. Rae1 Be4 22. Nxe4 dxe4 23. Rxe4 Kf8 {[#]} 24. Rxe7 $1 {[%mdl 512] Precision: White = 58%, Black = 21%.} 1-0